|
|
|
|
| LEADER |
00991nam a2200361 4500 |
| 001 |
DLU100113778 |
| 005 |
##20101201 |
| 008 |
##021023s2004 caua b 001 0 eng |
| 010 |
# |
# |
|a 2002114970
|
| 020 |
# |
# |
|a 0534378129
|
| 035 |
# |
# |
|a (DLC) 2002114970
|
| 040 |
# |
# |
|a DLC
|c DLC
|
| 042 |
# |
# |
|a pcc
|
| 050 |
# |
# |
|a TD145
|b .V4297 2004
|
| 082 |
# |
# |
|a 628
|b VE-P
|
| 100 |
# |
# |
|a Vesilind, P. Aarne.
|
| 245 |
# |
# |
|a Introduction to environmental engineering /
|c P. Aarne Vesilind, Susan M. Morgan.
|
| 250 |
# |
# |
|a 2nd ed.
|
| 260 |
# |
# |
|a Belmont, CA :
|b Thomson/Brook/Cole,
|c c2004.
|
| 300 |
# |
# |
|a xx, 479 p. :
|b ill. ;
|c 25 cm.
|
| 504 |
# |
# |
|a Includes bibliographical references and index.
|
| 650 |
# |
# |
|a Environmental engineering.
|
| 650 |
# |
# |
|a Environmental ethics.
|
| 923 |
# |
# |
|a 12/2010
|
| 992 |
# |
# |
|a 3645525
|
| 994 |
# |
# |
|a DLU
|
| 900 |
# |
# |
|a True
|
| 911 |
# |
# |
|a Đào Thị Thu Huyền
|
| 925 |
# |
# |
|a G
|
| 926 |
# |
# |
|a A
|
| 927 |
# |
# |
|a SH
|
| 980 |
# |
# |
|a Thư viện Trường Đại học Đà Lạt
|